| 000 | 00923nam a2200325 a 4500 | ||
|---|---|---|---|
| 003 | AR-BaBNM | ||
| 005 | 20251128204207.0 | ||
| 008 | 082120s2002 ||||||||||||||000 | spa|| | ||
| 020 | _a950-25-1512-9 | ||
| 040 | _cAR-BaBNM | ||
| 100 | 1 | _aGarcía Costa, Víctor O. | |
| 245 | 0 | 0 | _aLa miseria en la República Argentina |
| 260 |
_aBuenos Aires _bCentro Editor de América Latina _c1988 |
||
| 300 | _a127 p. | ||
| 490 | 0 |
_aBiblioteca política Argentina _vv. 243 |
|
| 500 | _aTesis doctoral del Dr. Alfredo L. Palacios | ||
| 500 | _aPrólogo de Víctor O. García Costa | ||
| 600 | 1 | 4 | _aPalacios, Alfredo L. |
| 650 | 4 | _aPOBREZA | |
| 650 | 4 | _aMARGINALIDAD SOCIAL | |
| 650 | 4 | _aCLASE BAJA | |
| 650 | 4 | _aPOLITICA SALARIAL | |
| 650 | 4 | _aSALARIOS | |
| 650 | 4 | _aTRABAJADORAS | |
| 650 | 4 | _aCONDICIONES DE TRABAJO | |
| 650 | 4 | _aTESIS | |
| 800 | 1 |
_aTroncoso, Oscar _edirector |
|
| 942 | _cBK | ||
| 998 | _cCarmen | ||
| 999 |
_c6544 _d6544 |
||